=LDR 00000nam 2200000 4500 =001 INLIS000000000028432 =005 20200210073539 =035 ##$$a 0010-061300000028432 =008 200210################g##########0#ind## =041 ##$$a Ind =082 ##$$a 005 =090 ##$$a 005, Suj p =100 ##$$a Sujarweni, V Wiratna =245 1#$$a Panduan penyelesaian kasus secara praktis menggunakan MYOB Accounting /$c Sujarweni, V Wiratna =260 ##$$a Yogyakarta :$b Ardana media,$c 2007 =300 ##$$a Xi,18 hlm : $b Ilus ; $c 16 x 23 cm =650 #4$$a Program komputer =850 ##$$a NBPNMAT =020 ##$$a 979-1118-24-8 =084 ##$$a 005 SUJ p =250 ##$$a Cet. 1 =504 ##$$a Bibliografi : hlm. 183 =990 ##$$a 30709745 =990 ##$$a 30709744/ Hd-07